000 00887nam a22002657a 4500
001 61666
003 UA-OsUOA
005 20220512202520.0
007 ta
008 20090709b un ||||| |||| 00| 0 ukr d
020 _a9789667996451
040 _aUA-OsUOA
_bukr
_cUA-OsUOA
_dUA-OsUOA
041 _aukr
080 _a284(477)
090 _a284(477)
_bП36
245 _aІсторія релігії в Україні: у 10 томах
_cза ред П. Яроцького
260 _aКиїв
_aДрогобич
_bКоло
_c2007
300 _a632 с.
505 _gТ. 6
_tПізній протестантизм в Україні
650 7 _a28 Християнські церкви, секти, конфесії
_2UDC
700 1 _aЯроцький П.
_eред.
942 _cBK
_2udc
955 _a2
999 _c347387
_d347387